• 首页
  • 本馆介绍
  • 公告通知
  • 最新文献
  • 馆藏检索
  • 电子资源
  • 读者导购
  • 参考咨询
  • 我的图书馆
  • 登录
  • 详细信息显示
  • 放入我的书架
  • 预约/预借图书
  • 作者相关作品
  • 分类相关作品
  • 丛书相关作品
  • 出版社相关作品

书目信息

  • 表格格式
  • 工作单格式
  • 卡片格式
题名:
HTML5+CSS3 Web前端开发技术
    
 
作者: 刘德山 , 章增安 , 孙美乔 编著
分册:  
出版信息: 北京   人民邮电出版社  2016.11
页数: 362页
开本: 26cm
丛书名: 互联网+职业技能系列
单 册:
中图分类: TP312HT , TP393.092.2 , TP312.8
科图分类:
主题词: 超文本标记语言--程序设计 , 网页制作工具
电子资源:
ISBN: 978-7-115-43434-0
000 01163oam2 2200325 450
001 1364
005 20180928090832.48
010    @a978-7-115-43434-0@dCNY55.00
100    @a20170215d2016 em y0chiy50 ea
101 0  @achi
102    @aCN@b110000
105    @ay z 000yy
200 1  @aHTML5+CSS3 Web前端开发技术@9HTML5+CSS3 Web qian duan kai fa ji shu@dHTML5+CSS3 programming@f刘德山,章增安,孙美乔编著@zeng
210    @a北京@c人民邮电出版社@d2016.11
215    @a362页@d26cm
225 1  @a互联网+职业技能系列
330    @a本书在HTML和CSS基础上,系统讲述了HTML5和CSS3的Web前端开发技术,内容覆盖HTML5新增的元素、属性与API,以及CSS3使用广泛、应用成熟的模块,力图帮助读者快速掌握最新的Web前端开发技术。
461  0 @12001 @a互联网+职业技能系列
510 1  @aHTML5+CSS3 programming@zeng
606 0  @a超文本标记语言@x程序设计
606 0  @a网页制作工具
610 0  @aHTML@aCSS
690    @aTP312HT@v5
690    @aTP393.092.2@v5
690    @aTP312.8@v4
701  0 @a刘德山@9liu de shan@4编著
701  0 @a章增安@9zhang zeng an@4编著
701  0 @a孙美乔@9sun mei qiao@4编著
801  0 @aCN@b91MARC@c20170215
905    @aMuseLib@dTP312.8@e1316
    
    HTML5+CSS3 Web前端开发技术=HTML5+CSS3 programming/刘德山,章增安,孙美乔编著.-北京:人民邮电出版社,2016.11
    362页;26cm.-(互联网+职业技能系列)
    
    
    ISBN 978-7-115-43434-0:CNY55.00
    本书在HTML和CSS基础上,系统讲述了HTML5和CSS3的Web前端开发技术,内容覆盖HTML5新增的元素、属性与API,以及CSS3使用广泛、应用成熟的模块,力图帮助读者快速掌握最新的Web前端开发技术。
●
相关链接 在E读中查询图书 在五车中查询图书 在当当中查询图书 在豆瓣中查询图书


正题名:HTML5+CSS3 Web前端开发技术     索取号:TP312.8/1316         预约/预借

序号 登录号 条形码 馆藏地/架位号 状态 备注
1 1122317   211223175   第二样本阅览室/ [索取号:TP312.8/1316] 在馆    
2 1122318   211223184   第三借阅区/ [索取号:TP312.8/1316] 在馆    
3 1122319   211223193   第三借阅区/ [索取号:TP312.8/1316] 在馆    
4 1122320   211223200   第三借阅区/ [索取号:TP312.8/1316] 在馆    
5 1122321   211223219   第三借阅区/ [索取号:TP312.8/1316] 在馆    
唐山师范学院图书馆 欢迎您!
大连网信软件有限公司© 版权所有